000 00865nam a2200253Ia 4500
003 OSt
005 20221005113021.0
006 a|||||r|||| 00| 0
007 ta
008 221004b |||||||| |||| 00| 0 pan d
020 _a9788171165681 (hbk)
_c325
024 _a106257
037 _b7848/III/A, 21/02/2011, Arsee Publishers
_cTextual
040 _aCRL
_cCRL
_bpan
041 _2pan
_apan
082 _aO153,3N32,CK, Q1
100 _aਅਮਰਜੀਤ ਸਿੰਘ
245 0 _aਚਲ ਖੁਸਰੇ ਘਰ ਆਪਣੇ
260 _aਦਿੱਲੀ
_bਨੈਨਲ ਬੁਕ ਾਪ ਭਾਰਤ
_c2011
300 _a206ਪੰ
_ccm.
650 _aਪੰਜਾਬੀ ਸਾਹਿਤ
942 _hO153,3N32,CK, Q1
_cTEXL
_2cc
999 _c1026770
_d1026770